| 000 | 00702nam a22002297a 4500 | ||
|---|---|---|---|
| 999 |
_c20763 _d20763 |
||
| 003 | AR-CdUCM | ||
| 008 | 190605b ||||| |||| 00| 0 spa d | ||
| 040 |
_aMUNICIPALIDAD PROVINCIAL DEL CUSCO _cBIBLIOTECA MUNICIPAL DEL CUSCO |
||
| 082 |
_a745.3 / _bT69 |
||
| 100 |
_aThomas, Jorge _943363 |
||
| 245 | _aArte popular peruano actual / | ||
| 260 |
_aLima : _bLit. del Perú, _c1967. |
||
| 300 |
_bIlustraciones, _c21 x 24 cm. |
||
| 500 | _ano cuenta con numeración en las hojas | ||
| 505 | _aContenido: Exposición. | ||
| 650 |
_aArte _9561 |
||
| 650 |
_aSiglo XX _98 |
||
| 650 |
_aPerú _935 |
||
| 710 |
_aUniversidad Mayor de San Marcos _917154 |
||
| 942 |
_2ddc _cLIBROS |
||
| 945 | _aJavier | ||